000 00780cam a2200217 a 4500
020 _a047143017X (acidfree paper)
020 _a0471476463 (CDROM)
050 0 0 _aQA276.12
_b.W57 2004
100 1 _aWitte, Robert S.
245 1 0 _aStatistics /
_cRobert S. Witte, John S. Witte.
250 _a7th ed.
260 _a[Hoboken, NJ] :
_bJ. Wiley,
_cc2004.
300 _axxi, 620 p. :
500 _aAccompanied by one CD-ROM (4 3/4 in.) and instructor's maual entitled "Computerized test bank" (17 p. ; 22 cm.).
500 _aIncludes index.
650 _xStatistics ;
_xPsychometrics.
700 1 _aWitte, John S.
856 4 2 _uhttp://www.loc.gov/catdir/description/wiley039/2003043078.html
856 4 1 _uhttp://www.loc.gov/catdir/toc/wiley032/2003043078.html
942 _2lcc
_cGEN
999 _c6770
_d6770